The giant's gold coins

Bibliographic Details
Main Author: Kumara Velu
Format: Book
Published: Selangor : Pustaka Murni , 2004
Series:Our favourite moral tales
Subjects:

MARC

LEADER 00000cam a2200000 7i4500
001 0000005275
005 20220105104010.0
008 070802
020 |a 9830782573(set) 
020 |a 983078262X 
090 0 0 |a JP   |b MOR ENG (6157) 
100 0 |a Kumara Velu 
245 1 4 |a The giant's gold coins   |c Kumara Velu 
260 |a Selangor :   |b Pustaka Murni ,   |c 2004 
440 |a Our favourite moral tales 
500 |a Children age 4-6 years old (yellow) 
650 0 |a Children's stories, English 
650 0 |a English fiction 
650 0 |a Moral 
999 |a 0000859443   |b Book   |c Children Collection   |e Cawangan Tmn. Ungku Tun Aminah 
999 |a 0000979348   |b Book   |c Children Collection   |e Cawangan Pontian 
999 |a 0000979349   |b Book   |c Children Collection   |e Cawangan Sri Merlong 
999 |a 0000979350   |b Book   |c Children Collection   |e Cawangan Sri Merlong 
999 |a 0000979351   |b Book   |c Children Collection   |e Perbadanan Perpustakaan Awam Johor 
999 |a 0000979352   |b Book   |c Children Collection   |e Perbadanan Perpustakaan Awam Johor